[Event "Poronin Tatra Limba op"]
[Site "Poronin"]
[Date "2021.05.28"]
[Round "9"]
[White "Krawczyk, Flawian"]
[Black "Gajewski, Patryk"]
[Result "1/2-1/2"]
[WhiteElo "2014"]
[BlackElo "1787"]
[PlyCount "55"]
[EventDate "2021.05.22"]
[EventType "swiss"]
[EventRounds "9"]
[EventCountry "POL"]
[SourceTitle "EXT 2022"]
[Source "ChessBase"]
[SourceDate "2021.10.06"]
[SourceVersion "1"]
[SourceVersionDate "2021.10.06"]
[SourceQuality "1"]

1. e4 e5 2. Nf3 Nc6 3. Bc4 Nf6 4. Ng5 d5 5. exd5 Nd4 6. c3 b5 7. Bf1 Nxd5 8. cxd4 Qxg5 9. Bxb5+ Kd8 10. 0-0 Rb8 11. d3 Nf4 12. Bc6 Bg4 13. Bf3 h5 14. dxe5 Qxe5 15. d4 Qf5 16. Nc3 Bd6 17. Ne4 Nh3+ 18. Kh1 Qxe4 19. Bxe4 Bxd1 20. gxh3 Ba4 21. b3 Bd7 22. Kg2 Re8 23. Bd3 Bc6+ 24. f3 Bb5 25. Bg5+ f6 26. Bxb5 Rxb5 27. Bh4 Rd5 28. Rad1 1/2-1/2

[Event "Poronin Tatra Limba op"]
[Site "Poronin"]
[Date "2021.05.26"]
[Round "6"]
[White "Malik, Maciej"]
[Black "Gajewski, Patryk"]
[Result "1-0"]
[WhiteElo "1958"]
[BlackElo "1787"]
[PlyCount "57"]
[EventDate "2021.05.22"]
[EventType "swiss"]
[EventRounds "9"]
[EventCountry "POL"]
[SourceTitle "EXT 2022"]
[Source "ChessBase"]
[SourceDate "2021.10.06"]
[SourceVersion "1"]
[SourceVersionDate "2021.10.06"]
[SourceQuality "1"]

1. d4 d5 2. Nf3 Nf6 3. e3 c6 4. c4 Bg4 5. Qb3 Qb6 6. Ne5 Bh5 7. Nc3 Nbd7 8. Nxd7 Kxd7 9. Na4 Qxb3 10. axb3 Kc7 11. f3 Bg6 12. e4 e5 13. dxe5 Bb4+ 14. Kf2 Nd7 15. Bf4 Nc5 16. cxd5 cxd5 17. Rc1 b6 18. exd5 Kb7 19. Nxc5+ Bxc5+ 20. Be3 Bxe3+ 21. Kxe3 Rhe8 22. f4 a6 23. g4 f5 24. Bg2 Rad8 25. d6+ Kb8 26. Rc6 Rd7 27. Rxb6+ Ka7 28. Rc6 fxg4 29. Ra1 1-0